Football Quiz - Click the Tiles - Statistics

General Stats
  • This quiz has been taken 19 times
  • The average score is 32 of 45
Answer Stats
Question Tile Select % Correct
Click all of the real football clubs Chesure FC No
95%
Click all the footballers Eric Cantona Yes
95%
Click all of the real football clubs Southampton Yes
95%
Click all of the real football clubs Crystal Watford No
89%
Click all of the real football clubs FC Billabong No
89%
Click all the footballers George Mikan No
89%
Click all the footballers Roberto Picano No
89%
Click all the real football stadiums Bayerische Arena No
84%
Click all of the real football clubs BSC Young Boys Yes
84%
Click all the real football stadiums Goodison Park Yes
84%
Click all the footballers James Maddison Yes
84%
Click all of the real football clubs Real Valladolid Yes
84%
Click all the footballers Ronaldo Lazario No
84%
Click all the players that played for Manchester City Nicolas Otamendi Yes
79%
Click all of the real football clubs Orlando Pirates Yes
79%
Click all the players that played for Manchester City Pedri No
79%
Click all the players that played for Manchester City Scott McTominay No
79%
Click all the real football stadiums Stadio Olimpico Yes
79%
Click all the footballers that are 6 feet+ tall (183cm) Tammy Abraham Yes
79%
Click all the players that played for Manchester City Arkadiusz Milik No
74%
Click all the footballers that are 6 feet+ tall (183cm) Bernardo Silva No
74%
Click all the footballers Just Fontaine Yes
74%
Click all the real football stadiums Limeside Arena No
74%
Click all the footballers Lisandro Martinez Yes
74%
Click all the footballers Manuel Kobel No
74%
Click all the players that played for Manchester City Pablo Zabaleta Yes
74%
Click all the footballers that are 6 feet+ tall (183cm) Pele No
74%
Click all the footballers that are 6 feet+ tall (183cm) Thibaut Courtois Yes
74%
Click all the footballers that are 6 feet+ tall (183cm) Vitinha No
74%
Click all the players that played for Manchester City Fabian Ruiz No
68%
Click all the footballers Mohamed Elneny Yes
68%
Click all the real football stadiums Saint Johns Park No
68%
Click all the footballers that are 6 feet+ tall (183cm) Martin Odegaard No
58%
Click all the players that played for Manchester City Chris Taylor No
53%
Click all the players that played for Manchester City Edouard Mendy No
53%
Click all the real football stadiums Estadio Benito Billavarin No
53%
Click all the real football stadiums Estadio do Dragao Yes
53%
Click all the footballers that are 6 feet+ tall (183cm) Jean-Philippe Mateta Yes
53%
Click all the real football stadiums Maracana Yes
53%
Click all the real football stadiums Ataturk Olympic Stadium Yes
47%
Click all the footballers that are 6 feet+ tall (183cm) Lorenzo Pellegrini Yes
47%
Click all of the real football clubs En Avant Guingamp Yes
42%
Click all the footballers that are 6 feet+ tall (183cm) Ronaldinho Yes
42%
Click all the players that played for Manchester City Jadon Sancho Yes
37%
Click all of the real football clubs AS Torino No
32%
No matching quizzes found
Score Distribution
Percent of People with Each Score
Percentile by Number Answered
Your Score History
You have not taken this quiz